00437nmm a2200133Ia 4500008004100000020001800041041000800059100002600067245004000093264006600133300001700199650003600216856005100252251105s9999||||xx |||||||||||||||||und|| a9788497884921 aspa aAlcalde Perea, Ignasi 0aVisualización de la información a[Madrid, España] :bUniversitat Oberta de Catalunya, c2015 a84 páginas aMedia Studies (Journ., TV, etc) uhttps://public.digitaliapublishing.com/a/37999